Κοινοτικό δίκαιο : 25 χρόνια εφαρμογής στην Ελλάδα

Αποθηκεύτηκε σε:
Λεπτομέρειες βιβλιογραφικής εγγραφής
Συλλογικό Έργο: Κέντρο Διεθνούς και Ευρωπαϊκού Οικονομικού Δικαίου, Ελληνική Ένωση Ευρωπαϊκού Δικαίου
Άλλοι συγγραφείς: Νάσκου-Περράκη, Παρούλα (edtf), Ηλιόπουλος, Κωνσταντίνος Π. (Επιμελητής έκδοσης)
Μορφή: Βιβλίο
Γλώσσα:Greek
Δημοσίευση: Αθήνα ; Κομοτηνή : Σάκκουλας, 2006.
Θέματα:
Ετικέτες: Προσθήκη ετικέτας
Δεν υπάρχουν, Καταχωρήστε ετικέτα πρώτοι!

MARC

LEADER 00000cam a2200000 i 4500
001 1/46551
008 070620s2006 gr | ||| |||| ||gre||
020 |a 960151693X 
035 |l 10088405 
040 |a GR-MyUa  |b gre  |e AACR2 
041 0 |a gre 
082 7 |a 341.2422   |2 (22) 
245 0 0 |a Κοινοτικό δίκαιο :   |b 25 χρόνια εφαρμογής στην Ελλάδα /   |c επιμέλεια: Π. Νάσκου-Περράκη, Κ. Π. Ηλιόπουλος ; Κέντρο Διεθνούς και Ευρωπαϊκού Οικονομικού Δικαίου ; Ελληνική Ένωση Ευρωπαϊκού Δικαίου. 
260 |a Αθήνα ;   |a Κομοτηνή :   |b Σάκκουλας,   |c 2006. 
300 |a 441 σ. ;   |c 24 εκ. 
500 |a Εισηγήσεις που παρουσιάστηκαν στη διημερίδα που διοργάνωσαν το Κέντρο Διεθνούς και Ευρωπαϊκού Οικονομικού Δικαίου (ΚΔΕΟΔ) και η Ελληνική Ένωση Ευρωπαϊκού Δικαίου (ΕΕΕΔ) στις εγκαταστάσεις του Κέντρου Θεσσαλονίκης, στις 11-12 Φεβρουαρίου 2005 με θέμα: "Κοινοτικό δίκαιο: 25 χρόνια εφαρμογής στην Ελλάδα". 
504 |a Περιέχει βιβλιογραφικές παραπομπές. 
610 2 0 |a European Union. 
650 0 |a Law  |z European Economic Community countries. 
650 0 |a Legislation  |z European Economic Community countries. 
700 1 |a Νάσκου-Περράκη, Παρούλα,  |e edtf 
700 1 |a Ηλιόπουλος, Κωνσταντίνος Π.  |e edt 
710 2 |a Κέντρο Διεθνούς και Ευρωπαϊκού Οικονομικού Δικαίου. 
710 2 |a Ελληνική Ένωση Ευρωπαϊκού Δικαίου. 
852 |a INST  |b LESVOS  |e 20070620  |h 341.2422 ΚΟΙ  |p 005100038040  |q 005100038040  |t BK  |y 4  |x 20191105 
901 |a BIBL1-2007-2 
922 |a 1ΕΛΗ  |b 200705  |c ΕΠΕΑΕΚ2/ΤΚ  |d Σ. Πατάκης 
970 |a Καρά  |b Γιασεμή  |z 20/06/2007